| 000 | 00605nam a2200181Ia 4500 | ||
|---|---|---|---|
| 008 | 150610s9999 xx 000 0 und d | ||
| 020 | _a1853261394 | ||
| 050 |
_aPZ7 _b.M767 1994 |
||
| 100 | _aMontgomery, Lucy Maud | ||
| 245 |
_aAnne of the Green Gables / _cL. M Montgomery. |
||
| 260 |
_aGreat Britain : _bWordsworth Classics, _c1994. |
||
| 300 |
_a280pages ; _c18 cm. |
||
| 520 | _aFiction. | ||
| 650 |
_aCanada-History-1867-1914 _bFiction. |
||
| 650 |
_aCountry life-Prince Edward Island _xFiction. |
||
| 650 |
_aFriendship _xFiction. |
||
| 650 |
_aPrince Edward Island-History-20th century _bFiction. |
||
| 999 |
_c287944 _d287944 |
||